000 00820cam a2200217 4500
001 WB3713-16
008 000000n2001 000 0 eng u
035 _a(Sirsi) u111702
245 _aLandlord and Tenant
260 _c2001
490 _aEstates Gazette Case Summaries
_v [2001] ECGS 37 (24/3/01)
520 _a"Ibrahim v Dovecorn Reversions Ltd and others" ChD 9 March 2001. Upheld CC's ruling that repairs to the roof terrace came within the landlord's repairing obligation for maintaining the main structure of the building. Appeal dismissed.
590 _aWB
650 _aIBRAHIM V DOVECORN REVERSIONS LTD
650 _aREPAIR OBLIGATIONS
650 _aROOF TERRACE
650 _aMAIN STRUCTURE
650 _aWATER LEAK
690 _aLANDLORD AND TENANT-RESIDENTIAL TENANCIES-CASE LAW
942 _n0
999 _c66546
_d66546